000 00858nas a2200277 4500
001 BR2013001085
003 BR-BrBNA
005 20231205121925.0
007 ta
008 230509b bl.|||p| |||| 00| 00por d
040 _aBR-BrBNA
_bpor
_cBiblioteca Nacional de Agricultura
041 _a(Pt)
072 _aF02
100 1 _aRegina, M. de A.
100 1 _aSouza, C.R. de
100 1 _aDias, F.A.N.
245 1 _aPropagação de Vitis spp. pela enxertia de mesa utilizando diferentes porta-enxertos e auxinas
650 _aUVA
650 _aMUDA
650 _aPROPAGAÇÃO VEGETATIVA
650 _aPORTA ENXERTO
650 _aÁCIDO INDOLBUTÍRICO
773 0 _tRevista brasileira de Fruticultura (Brazil)
_xISSN 0100 2945
_g(Sep 2012), v. 34(3) p. 897-904
_wBR2013001085
909 _a202311
_bLúcia
_c55
_dLúcia Elande
942 _2AGRIS
_n0
_cANA
999 _c225963
_d225963